Online Public Access Catalog -OPAC

A course of theoretical physics. (Record no. 14435)

MARC details
000 -LEADER
fixed length control field 00299nam a2200097Ia 4500
008 - FIXED-LENGTH DATA ELEMENTS--GENERAL INFORMATION
fixed length control field 180412s9999||||xx |||||||||||||| ||und||
040 ## - CATALOGING SOURCE
Original cataloging agency Ahmadu Bello University Library - Zaria
100 ## - MAIN ENTRY--PERSONAL NAME
Personal name Kompaneyets, A. S.
245 #2 - TITLE STATEMENT
Title A course of theoretical physics.
Statement of responsibility, etc. A. S. Kompaneyets
260 ## - PUBLICATION, DISTRIBUTION, ETC.
Place of publication, distribution, etc. Moscow
Name of publisher, distributor, etc. Mir Publishers
300 ## - PHYSICAL DESCRIPTION
Extent Vols.

No items available.

Customized by ICT Technical Service Unit on 29th Dec 2022

Kashim Ibrahim Library